Theory of machines (Record no. 5797)

000 -LEADER
fixed length control field 00476nam a2200193 4500
001 - CONTROL NUMBER
control field 5797
003 - CONTROL NUMBER IDENTIFIER
control field BD-DhUET
008 - FIXED-LENGTH DATA ELEMENTS--GENERAL INFORMATION
fixed length control field 141129b xxu||||| |||| 00| 0 eng d
040 ## - CATALOGING SOURCE
Transcribing agency 0
Modifying agency BD-DhUET
082 ## - DEWEY DECIMAL CLASSIFICATION NUMBER
Classification number 621.811
Item number KHU/1984
100 ## - MAIN ENTRY--PERSONAL NAME
Personal name Khurmi, R. S.
245 ## - TITLE STATEMENT
Title Theory of machines
250 ## - EDITION STATEMENT
Edition statement 1st ed.
260 ## - PUBLICATION, DISTRIBUTION, ETC. (IMPRINT)
Place of publication, distribution, etc. New Delhi
Name of publisher, distributor, etc. Eurasia Publishing house
Date of publication, distribution, etc. 1984
300 ## - PHYSICAL DESCRIPTION
Extent viii,1107p.
Other physical details ill.
650 #0 - SUBJECT ADDED ENTRY--TOPICAL TERM
Topical term or geographic name as entry element Machinery, Kinematics
700 ## - ADDED ENTRY--PERSONAL NAME
Personal name Gupta, V. K.
942 ## - ADDED ENTRY ELEMENTS (KOHA)
Koha item type General Book
Holdings
Withdrawn status Location (home branch) Damaged status Lost status Piece designation (barcode) Source of classification or shelving scheme Price effective from Not for loan Date acquired Koha normalized classification for sorting Koha item type Koha date last seen Copy number Koha date last borrowed Koha issues (times borrowed) Shelving location Koha full call number Sublocation or collection (holding branch)
 Central Library, BUET  58322 2014-11-29 2014-11-29621_110000000000000_KHU_1984General Book2025-04-1312024-09-174Circulation section621.11/KHU/1984Central Library, BUET
 Central Library, BUET  58325 2014-11-29 2014-11-29621_110000000000000_KHU_1984General Book2023-11-2822023-07-154Circulation section621.11/KHU/1984Central Library, BUET
 Central Library, BUET  58326 2014-12-06 2014-12-06621_811000000000000_KHU_1984General Book2023-11-2932023-09-168Circulation section621.811/KHU/1984Central Library, BUET
 Central Library, BUET  58321 2015-06-20 2015-06-20621_811000000000000_KHU_1984Reading Item2015-06-204  Reading section621.811/KHU/1984Central Library, BUET
 Central Library, BUET  58320 2015-06-28 2015-06-28621_811000000000000_KHU_1984Reading Item2015-06-285  Reading section621.811/KHU/1984Central Library, BUET
 Central Library, BUET  58318 2015-06-28 2015-06-28621_811000000000000_KHU_1984Reading Item2015-06-286  Reading section621.811/KHU/1984Central Library, BUET
 Central Library, BUET  58317 2015-06-30 2015-06-30621_811000000000000_KHU_1984Reading Item2015-06-307  Reading section621.811/KHU/1984Central Library, BUET